Les 20 premières puissances militaire mondiales - Statistiques

Statistiques générales
  • Ce quiz a été pris 183 fois
  • Le résultat moyen est 16 sur 20
Statistiques - réponses
Hint Réponse % Correct
3 Chine
99%
1 États Unis
99%
2 Russie
99%
9 France
99%
5 Royaume-Uni
94%
4 Inde
94%
8 Japon
94%
12 Brésil
91%
6 Corée du Sud
89%
10 Italie
84%
16 Australie
77%
17 Iran
71%
11 Turquie
69%
7 Pakistan
66%
15 Ukraine
66%
14 Egypte
60%
13 Indonesie
58%
18 Israël
57%
20 Pologne
55%
19 Vietnam
37%
Aucun quiz correspondant
Distribution des résultats
% des personnes avec chaque résultat
Percentile par nombre de réponses
Votre historique - résultats
Vous n’avez pas pris ce quiz